Ekonomika stavebníctva : príklady na cvičenia I /

Hlavní autor: Jankovichová, Eva
Další autoři: Hanko, Martin, 1988-
Jazyk: Slovenština
Vydáno: Brno : Tribun EU, 2021
Vydání: Prvé vydanie v Tribune EU
Edice: Knihovnicka.cz
Témata:
Fyzický popis: 83 stran : ilustrace (převážně barevné) ; 21 cm
Knihy
Uloženo v:
LEADER 02092nam a2200565 i 4500
001 nkc20233502242
003 CZ PrNK
005 20230413085659.0
007 ta
008 230222s2021 xr a e p 000 0 slo
015 |a cnb003502242 
020 |a 978-80-263-1691-6  |q (brožováno) 
035 |a (OCoLC)1378694761 
040 |a OLA001  |b cze  |d ABA001  |e rda 
072 7 |a 69  |x Stavebnictví  |2 Konspekt  |9 19 
072 7 |a 37.016  |x Učební osnovy. Vyučovací předměty. Učebnice  |2 Konspekt  |9 22 
080 |a 69:33  |2 MRF 
080 |a 69:334.716  |2 MRF 
080 |a 658  |2 MRF 
080 |a (075.8)  |2 MRF 
080 |a (076.5)  |2 MRF 
100 1 |a Jankovichová, Eva  |7 mzk2008486520  |4 aut 
245 1 0 |a Ekonomika stavebníctva :  |b príklady na cvičenia I /  |c Eva Jankovichová a Martin Hanko 
250 |a Prvé vydanie v Tribune EU 
264 1 |a Brno :  |b Tribun EU,  |c 2021 
300 |a 83 stran :  |b ilustrace (převážně barevné) ;  |c 21 cm 
336 |a text  |b txt  |2 rdacontent 
337 |a bez média  |b n  |2 rdamedia 
338 |a svazek  |b nc  |2 rdacarrier 
490 1 |a Knihovnicka.cz 
500 |a 100 výtisků 
504 |a Obsahuje bibliografie a bibliografické odkazy 
650 0 7 |a ekonomika stavebnictví  |7 ph138699  |2 czenas 
650 0 7 |a stavební podniky  |7 ph116282  |2 czenas 
650 0 7 |a podniková ekonomika  |7 ph115762  |2 czenas 
650 0 9 |a building economics  |2 eczenas 
650 0 9 |a construction companies  |2 eczenas 
650 0 9 |a managerial economics  |2 eczenas 
655 7 |a učebnice vysokých škol  |7 fd133772  |2 czenas 
655 7 |a praktická cvičení  |7 fd133118  |2 czenas 
655 9 |a textbooks (higher)  |2 eczenas 
655 9 |a problems, exercises, etc.  |2 eczenas 
700 1 |a Hanko, Martin,  |d 1988-  |7 ola20231179063  |4 aut 
830 0 |a Knihovnicka.cz  |0 s 
910 2 |a BOA001  |b 2-1505.086 
990 |a BK 
995 |a 01 
991 |b 202303  |c NOV 
996 6 |b 2610931655  |c 2-1505.086  |l MZK  |r Sklad / do 1 hodiny  |n 0  |p p.v.  |w 001916578  |u 000010  |a 1  |e BOA001  |j MZK50  |s P 
996 7 |b 2610931656  |c 2-1505.086  |l MZK  |r Sklad / do 1 hodiny  |n 0  |p p.v.  |w 001916578  |u 000020  |a 1  |e BOA001  |j MZK50  |s A